书目信息 |
| 题名: |
诺贝尔奖获奖演说精选集
|
|
| 作者: | 牛红英 , 单丽英 编译 | |
| 分册: | 和平卷·文学卷 | |
| 出版信息: | 天津 南开大学出版社 2005.10 |
|
| 页数: | 272页 | |
| 开本: | 21cm | |
| 丛书名: | ||
| 单 册: | ||
| 中图分类: | H319.4:Z4 | |
| 科图分类: | ||
| 主题词: | 英语--ying yu--语言读物 , 科学家--ke xue jia , 演讲--yan jiang , 诺贝尔奖金--nuo bei er jiang jin--科学家--演讲--文集 | |
| 电子资源: | ||
| ISBN: | 7-310-02372-2 | |
| 000 | 01068nam0 2200277 45 | |
| 001 | 012005000000 | |
| 005 | 20061030100239.35 | |
| 010 | @a7-310-02372-2@dCNY18.00 | |
| 100 | @a20051102d2005 em y0chiy0121 ea | |
| 101 | 0 | @achi@aeng |
| 102 | @aCN@b120000 | |
| 105 | @ac z 000yd | |
| 200 | 1 | @a诺贝尔奖获奖演说精选集@Anuo bei er jiang huo jiang yan shuo jing xuan ji@i和平卷·文学卷@e英文版@f牛红英,单丽英编译 |
| 210 | @a天津@c南开大学出版社@d2005.10 | |
| 215 | @a272页@c肖像@d21cm | |
| 330 | @a本书包括美国前总统卡特和罗斯福、南非前总统曼德拉等诺贝尔奖获得者的获奖演说,每一篇演讲有三部分:演讲者照片及介绍(包括国籍、生平、主要作品或贡献等)、演讲内容和难点注释。 | |
| 510 | 1 | @aSelected speeches on Nobel prize@zeng |
| 606 | 0 | @a英语@Aying yu@j语言读物 |
| 606 | 0 | @a科学家@Ake xue jia |
| 606 | 0 | @a演讲@Ayan jiang |
| 606 | 0 | @a诺贝尔奖金@Anuo bei er jiang jin@x科学家@x演讲@j文集 |
| 690 | @aH319.4:Z4@v4 | |
| 701 | 0 | @a牛红英@Aniu hong ying@4编译 |
| 701 | 0 | @a单丽英@Ashan li ying@4编译 |
| 801 | 0 | @aCN@c20061030 |
| 905 | @a10447@dH319.4:Z4@eN705 | |
| 诺贝尔奖获奖演说精选集.和平卷·文学卷:英文版/牛红英,单丽英编译.-天津:南开大学出版社,2005.10 |
| 272页:肖像;21cm |
| ISBN 7-310-02372-2:CNY18.00 |
| 本书包括美国前总统卡特和罗斯福、南非前总统曼德拉等诺贝尔奖获得者的获奖演说,每一篇演讲有三部分:演讲者照片及介绍(包括国籍、生平、主要作品或贡献等)、演讲内容和难点注释。 |
| ● |
| 相关链接 |
|
|
|
正题名:诺贝尔奖获奖演说精选集
索取号:H319.4:Z4/N705
 
预约/预借
| 序号 | 登录号 | 条形码 | 馆藏地/架位号 | 状态 | 备注 |
| 1 | 635463 | 206354639 | 语言库209/209语言库 27排1列6层/ [索取号:H319.4:Z4/N705] | 在馆 | |
| 2 | 635464 | 206354648 | 语言库209/209语言库 27排1列6层/ [索取号:H319.4:Z4/N705] | 在馆 | |
| 3 | 635465 | 206354657 | 语言库209/209语言库 27排1列6层/ [索取号:H319.4:Z4/N705] | 在馆 |